000 01220cam a22003134a 4500
001 13689164
005 20221101111835.0
008 040817m20059999nyu b 000 0 eng
010 _a 2004056206
020 _a9780231138048
040 _aDLC
_cDLC
_dDLC
041 1 _aeng
_hjpn
042 _apcc
050 0 0 _aPL782.E1
_bC55 2005
082 0 0 _a895.64408
_bCOL
245 0 4 _aThe Columbia anthology of modern Japanese literature /
_cedited by J. Thomas Rimer and Van C. Gessel.
246 3 0 _aModern Japanese literature
260 _aNew York, N.Y. :
_bColumbia University Press,
_cc2007.
300 _a841 p. ;
_c24 cm.
440 0 _aModern Asian literature
_9102170
504 _aIncludes bibliographical references (v. 1, p. [837]-863).
505 1 _av. 1. From restoration to occupation, 1868-1945
650 0 _aJapanese literature
_y1868-
_vTranslations into English.
_9102171
700 1 _aRimer, J. Thomas.
_9102172
700 1 _aGessel, Van C.
_9102173
906 _a7
_bcbc
_corignew
_d1
_eocip
_f20
_gy-gencatlg
942 _2ddc
_cBK
999 _c592201
_d592201